| 000 | 00576nam a2200181Ia 4500 | ||
|---|---|---|---|
| 003 | LK-CoDNM | ||
| 008 | 010623t1973 xxu||||| |||| 00| 1 sin d | ||
| 040 |
_aLK-CoDNM _dLK-CoDNM _eLK-CoDNM |
||
| 041 | _asin | ||
| 080 | _a- | ||
| 100 |
_aSahabdeen, U.L.M. _eed. |
||
| 245 | _aතලවාකැලේ ලිඳුල නගර සභාව 25 වන රජත ජයන්ති සංග්රහය | ||
| 246 | _aTalawakelle-Lindula Urban Council 25 th Anniversary-Souvenir | ||
| 260 |
_b _c1973 |
||
| 300 | _b, 24 cm | ||
| 650 | _aAria Discription | ||
| 942 | _cBK | ||
| 999 |
_c109140 _d109140 |
||